1898 1321 1888 1478 1201 1910 1055 1159 1029 1146 1978 1198 1428 1808 1355 1562 1463 1286 1735 1749 1477 1667 1672 1734 1759 1111 1956 1415 1437 1245 1294 1045 1690 1108 1096 1362 1515 1106 1855 1889 1720 1351 1308 1058 1988 1539 1110 1039 1917 1226 1004 1587 1618 1708 1533 1086 1597 1927 1202 1651 1289 1473 1775 1200 1661 1704 1015 1186 1984 1105 1490 1768 1629 1993 1681 1022 1834 1369 1007 1299 1998 1334 1294 1646 1414 1794 1944 1992 1256 1404 1627 1907 1922 1068 1846 1598 1370 1856 1452 BCNSPRNW ULIB Ver.6.0+V

เปลี่ยนเป็นภาษาไทย

Change to English
 แสดงรายละเอียดบรรณานุกรม
  กลับหน้าหลัก

Brief Record : Get Marc (ISO 2709) : E-mail record : QR code < ปิดหน้าต่าง
LEADER : 00000nam 2200000uu 4500
001    13399127153
003     ULIB
008    020711s2019 th a 000 0 eng d
020    ^a9780323445337
060    ^aQT104^bN974
245    ^aNursing Key Topics Review: Pathophysiology
250    ^a1st ed
260    ^aLouis, Missouri :^bElsevier,^c2019
300    ^a471 pages;^b26 cm
650    ^aPathophysiology
945    ^p1050^l0^i006340
999    ^aประนอม เกษจรัล
รายการนี้ยังไม่มีแท็ก
คุณยังไม่ได้ล็อกอิน คุณสามารถมีกิจกรรมร่วมกับเว็บไซต์ได้ แต่ต้องล็อกอินก่อน ::
  ล็อกอิน

รายการสื่อสารสนเทศ

ลำดับที่ ประเภท เลขเรียก/บาร์โค้ด สถานที่ สถานะ
1. วิทยาศาสตร์การแพทย์ และสุขภาพ
วิทยาศาสตร์การแพทย์ และสุขภาพ
QT104 N974 ฉ.1 
  Barcode: 006340
ห้องสมุดวิทยาเขตสวรรค์ประชารักษ์
►หนังสือทั่วไป
บนชั้น

รายการใกล้เคียง
    หัวเรื่อง [Pathophysiology]

BibComment


ยังไม่เคยถูกคอมเมนท์

คอมเมนท์ทรัพยากรรายการนี้
  คอมเมนท์: Nursing Key Topi..


 Copyright 2026. Bcnsprnw @Library